[Event "TUR-ch Seniors 65"]
[Site "Ankara"]
[Date "2023.05.25"]
[Round "7"]
[White "Alkan, Sukru"]
[Black "Tozaki, Halil"]
[Result "0-1"]
[WhiteElo "1358"]
[BlackElo "1797"]
[PlyCount "126"]
[EventDate "2023.05.19"]
[EventType "swiss"]
[EventRounds "9"]
[EventCountry "TUR"]
[SourceTitle "CBM 214 Extra"]
[Source "ChessBase"]
[SourceDate "2023.07.31"]
[SourceVersion "1"]
[SourceVersionDate "2023.07.31"]
[SourceQuality "1"]

1. d4 f5 2. g3 e6 3. Bg2 d5 4. Nf3 Nf6 5. c4 c6 6. 0-0 Bd6 7. Qc2 0-0 8. Bf4 Be7 9. Nc3 Ne4 10. Rad1 Nd7 11. Ne5 g5 12. Nxd7 Bxd7 13. Be5 Be8 14. f3 Nd6 15. c5 Nc4 16. Qc1 Nxe5 17. dxe5 Bxc5+ 18. Kh1 Be7 19. f4 gxf4 20. gxf4 Bg6 21. Bf3 Kh8 22. e3 Rg8 23. Ne2 c5 24. Rg1 b6 25. Nc3 Bf7 26. Rxg8+ Qxg8 27. Rg1 Qe8 28. Qd1 Rd8 29. Qe2 c4 30. Qg2 Bf8 31. Ne2 Qe7 32. Nd4 Qe8 33. Qg5 Qe7 34. Qg2 Qh4 35. Nb5 a5 36. Nd6 Bg6 37. Nb5 Bc5 38. Qd2 Qh3 39. Qe2 Qh4 40. Nc7 Bf7 41. Nb5 Rg8 42. Rd1 Qe7 43. Nd4 Be8 44. Qf2 b5 45. Qd2 b4 46. b3 a4 47. Qc2 axb3 48. axb3 c3 49. Qe2 Bd7 50. Ra1 Qg7 51. Nc2 Bc6 52. Qf2 Qb7 53. Nd4 Bxd4 54. exd4 Bb5 55. Qh4 Qg7 56. Qf2 Bd3 57. Rc1 Be4 58. Qe3 Qg4 59. Bxe4 fxe4 60. Qf2 e3 61. Qf1 Qf5 62. Qf3 Qd3 63. f5 exf5 0-1

[Event "TUR-ch Seniors 65"]
[Site "Ankara"]
[Date "2023.05.19"]
[Round "1"]
[White "Kocak, Mustafa Sabri"]
[Black "Alkan, Sukru"]
[Result "1-0"]
[WhiteElo "2036"]
[BlackElo "1358"]
[PlyCount "73"]
[EventDate "2023.05.19"]
[EventType "swiss"]
[EventRounds "9"]
[EventCountry "TUR"]
[SourceTitle "CBM 214 Extra"]
[Source "ChessBase"]
[SourceDate "2023.07.31"]
[SourceVersion "1"]
[SourceVersionDate "2023.07.31"]
[SourceQuality "1"]

1. e4 c5 2. Nf3 Nc6 3. d4 cxd4 4. Nxd4 Nf6 5. Nc3 e5 6. Ndb5 d6 7. Bg5 a6 8. Na3 b5 9. Bxf6 Qxf6 10. Nd5 Qd8 11. c3 Be7 12. Nc2 0-0 13. a4 bxa4 14. Rxa4 Bb7 15. Nce3 Bg5 16. Nc4 a5 17. h4 Be7 18. Bd3 Rb8 19. Ra2 Ra8 20. g3 Ba6 21. Nce3 g6 22. Bxa6 Rxa6 23. Qd3 Ra8 24. Qc4 Rc8 25. Qe2 Kh8 26. h5 Bg5 27. 0-0 f5 28. hxg6 hxg6 29. exf5 gxf5 30. f4 exf4 31. Qh5+ Kg7 32. gxf4 Bxf4 33. Rxf4 Rg8 34. Rxf5 Ne5 35. b4 Ng6 36. Rg2 Qe8 37. Ne7 1-0

[Event "TUR Cup"]
[Site "Ankara"]
[Date "2021.12.11"]
[Round "5"]
[White "Alkan, Sukru"]
[Black "Tuganli, Uzay Canhur"]
[Result "1-0"]
[WhiteElo "1438"]
[BlackElo "1795"]
[PlyCount "127"]
[EventDate "2021.12.08"]
[EventType "swiss"]
[EventRounds "9"]
[EventCountry "TUR"]
[SourceTitle "CBM 205 Extra"]
[Source "ChessBase"]
[SourceDate "2022.01.31"]
[SourceVersion "1"]
[SourceVersionDate "2022.01.31"]
[SourceQuality "1"]

1. d4 d5 2. Nf3 Nf6 3. Bg5 e6 4. Nbd2 Be7 5. e3 0-0 6. Bd3 c5 7. c3 Qb6 8. Rb1 c4 9. Bc2 Re8 10. Qe2 Qa5 11. a3 Bd7 12. 0-0 Ba4 13. Bxa4 Qxa4 14. e4 h6 15. Bxf6 Bxf6 16. exd5 exd5 17. Qd1 Qd7 18. Qc2 Nc6 19. Rfe1 b5 20. Nf1 a5 21. Ne3 g6 22. Ra1 b4 23. h3 Rab8 24. axb4 axb4 25. Ra6 Bg7 26. Rea1 Rb5 27. Qa4 Reb8 28. Kh2 Qd6+ 29. g3 f5 30. Kg2 b3 31. Ra8 Kh7 32. Rxb8 Rxb8 33. Qa3 Qe6 34. Qc5 Ne7 35. Ra7 Bf6 36. Nxd5 Re8 37. Nxf6+ Qxf6 38. Qxc4 f4 39. g4 Kh8 40. Ne5 f3+ 41. Nxf3 Rf8 42. Qe2 Nd5 43. Qe5 Nf4+ 44. Kg3 Nd3 45. Qxf6+ Rxf6 46. Rb7 Nxb2 47. Rxb3 Nd1 48. c4 Kg8 49. Rd3 Nb2 50. Rc3 Kf7 51. Ne5+ Ke8 52. f4 Kd8 53. h4 Nd1 54. Rb3 Kc7 55. g5 hxg5 56. hxg5 Ra6 57. Kf3 Kd6 58. Nxg6 Ke6 59. Ne5 Kf5 60. g6 Ra2 61. g7 Ra8 62. Rb7 Nc3 63. Rf7+ Ke6 64. Rf8 1-0

[Event "Ankara op 02"]
[Site "Ankara"]
[Date "2020.02.16"]
[Round "5"]
[White "Alkan, Sukru"]
[Black "Banci, Dogancan"]
[Result "1/2-1/2"]
[WhiteElo "1481"]
[BlackElo "1656"]
[PlyCount "45"]
[EventDate "2020.02.14"]
[EventType "swiss"]
[EventRounds "7"]
[EventCountry "TUR"]
[SourceTitle "CBM 195 Extra"]
[Source "ChessBase"]
[SourceDate "2020.05.31"]
[SourceVersion "1"]
[SourceVersionDate "2020.05.31"]
[SourceQuality "1"]

1. d4 Nf6 2. c4 c5 3. d5 b5 4. Bg5 Ne4 5. Nf3 Nxg5 6. Nxg5 h6 7. Ne4 d6 8. e3 b4 9. Bd3 g6 10. 0-0 Bg7 11. Qc2 Nd7 12. Nbd2 Ne5 13. Be2 Bf5 14. Qa4+ Bd7 15. Qb3 Ng4 16. h3 Nf6 17. Bd3 0-0 18. a3 Rb8 19. a4 a5 20. Rab1 Qe8 21. Ra1 Qc8 22. Kh2 h5 23. Ng5 1/2-1/2

[Event "Ankara op 02"]
[Site "Ankara"]
[Date "2020.02.15"]
[Round "2"]
[White "Aydin, Aytac"]
[Black "Alkan, Sukru"]
[Result "1-0"]
[WhiteElo "1586"]
[BlackElo "1481"]
[PlyCount "55"]
[EventDate "2020.02.14"]
[EventType "swiss"]
[EventRounds "7"]
[EventCountry "TUR"]
[SourceTitle "CBM 195 Extra"]
[Source "ChessBase"]
[SourceDate "2020.05.31"]
[SourceVersion "1"]
[SourceVersionDate "2020.05.31"]
[SourceQuality "1"]

1. d4 d5 2. Nf3 Nf6 3. c4 c6 4. g3 Bf5 5. Bg2 e6 6. 0-0 Nbd7 7. Nc3 Bd6 8. Nd2 Qe7 9. e4 dxe4 10. Ndxe4 Nxe4 11. Nxe4 Bc7 12. Re1 0-0-0 13. Qa4 Kb8 14. c5 h5 15. Nd6 Bxd6 16. cxd6 Qf6 17. h4 Qg6 18. Bf4 Nb6 19. Qa5 Rd7 20. Rac1 Nd5 21. Bxd5 exd5 22. Re7 Rhd8 23. Rce1 f6 24. Qxd8+ Rxd8 25. d7+ Ka8 26. Re8 b6 27. Rxd8+ Kb7 28. Rb8+ 1-0

[Event "Corum op"]
[Site "Corum"]
[Date "2016.05.27"]
[Round "7"]
[White "Alkan, Sukru"]
[Black "Hajiyev, Shahin Qabil"]
[Result "1/2-1/2"]
[WhiteElo "1648"]
[BlackElo "1994"]
[PlyCount "182"]
[EventDate "2016.05.23"]
[EventType "swiss"]
[EventRounds "9"]
[EventCountry "TUR"]
[SourceTitle "CBM 172 Extra"]
[Source "ChessBase"]
[SourceDate "2016.06.21"]
[SourceVersion "1"]
[SourceVersionDate "2016.06.21"]
[SourceQuality "1"]

1. d4 d5 2. Nf3 c6 3. c3 Bf5 4. Bf4 Qb6 5. Qb3 Nd7 6. Nbd2 Ngf6 7. e3 h6 8. h3 e6 9. Be2 Be7 10. 0-0 0-0 11. Rfc1 Qxb3 12. axb3 a6 13. b4 Ne4 14. Nxe4 Bxe4 15. Nd2 Bg6 16. Nb3 Rfe8 17. Na5 Ra7 18. Nb3 Raa8 19. Na5 Ra7 20. Nb3 Rc8 21. Nc5 Nxc5 22. bxc5 Bd8 23. b4 Rca8 24. Ra2 b5 25. cxb6 Bxb6 26. Rca1 a5 27. Bd6 axb4 28. Rxa7 Rxa7 29. Rxa7 Bxa7 30. cxb4 f6 31. b5 Be8 32. bxc6 Bxc6 33. f4 Kf7 34. Kf2 g6 35. g4 Bb6 36. h4 Bd8 37. Kg3 Ba4 38. Bd3 f5 39. g5 hxg5 40. hxg5 Bd1 41. Kf2 Ba5 42. Be5 Bb4 43. Bf6 Ba4 44. Be5 Ke7 45. Ke2 Kd7 46. Bf6 Kc7 47. Be5+ Kb6 48. Bf6 Bb5 49. Bxb5 Kxb5 50. Kd3 Ka4 51. Kc2 Ka3 52. Bd8 Be1 53. Kd1 Bb4 54. Kc2 Ka4 55. Bc7 Kb5 56. Kd3 Ba3 57. Bd8 Bc1 58. Be7 Ka4 59. Bc5 Kb3 60. Bd6 Kb2 61. Bb4 Kb1 62. Ba5 Ba3 63. Kd2 Kb2 64. Kd1 Kb3 65. Be1 Bb2 66. Ba5 Bc3 67. Bd8 Bb4 68. Bb6 Kc3 69. Ke2 Bd6 70. Bc5 Bc7 71. Bf8 Ba5 72. Bc5 Bb4 73. Bb6 Bd6 74. Bc5 Bc7 75. Bf8 Kc4 76. Bg7 Bd6 77. Bf6 Bc7 78. Bg7 Kb5 79. Bf8 Kc6 80. Bb4 Bb8 81. Kd3 Bc7 82. Bf8 Kd7 83. Bb4 Kc6 84. Bf8 Kd7 85. Bb4 Kc6 86. Be7 Ba5 87. Bf8 Bd8 88. Bb4 Kb5 89. Bd6 Kc6 90. Bb4 Kb5 91. Bd6 Kc6 1/2-1/2

[Event "Corum op"]
[Site "Corum"]
[Date "2016.05.26"]
[Round "5"]
[White "Alkan, Sukru"]
[Black "Karaahmetoglu, Ege"]
[Result "0-1"]
[WhiteElo "1648"]
[BlackElo "2008"]
[PlyCount "72"]
[EventDate "2016.05.23"]
[EventType "swiss"]
[EventRounds "9"]
[EventCountry "TUR"]
[SourceTitle "CBM 172 Extra"]
[Source "ChessBase"]
[SourceDate "2016.06.21"]
[SourceVersion "1"]
[SourceVersionDate "2016.06.21"]
[SourceQuality "1"]

1. d4 Nf6 2. Nf3 d5 3. Bg5 Ne4 4. Bf4 c5 5. Nbd2 Nc6 6. e3 Qb6 7. Bd3 Nxd2 8. Qxd2 c4 9. Be2 Qxb2 10. 0-0 e6 11. Rfb1 Qa3 12. c3 Be7 13. Qc2 0-0 14. e4 Qa5 15. a4 Qd8 16. Nd2 b6 17. Bf3 Na5 18. exd5 exd5 19. Rb5 Be6 20. Re1 a6 21. Rbb1 Ra7 22. Nf1 Rb7 23. Ng3 Qd7 24. Re2 g5 25. Bd2 g4 26. Re5 gxf3 27. Rh5 f5 28. Re1 Bf7 29. Rxe7 Qxe7 30. Nxf5 Qe4 31. Nh6+ Kh8 32. Qxe4 dxe4 33. Rf5 Kg7 34. gxf3 Bg6 35. Re5 exf3 36. Ng4 Re8 0-1

[Event "Gebze op 5th"]
[Site "Kocaeli"]
[Date "2014.09.20"]
[Round "1"]
[White "Alkan, Sukru"]
[Black "Benidze, Davit"]
[Result "0-1"]
[WhiteElo "1669"]
[BlackElo "2459"]
[PlyCount "84"]
[EventDate "2014.09.20"]
[EventType "swiss"]
[EventRounds "9"]
[EventCountry "TUR"]
[SourceTitle "CBM 162 Extra"]
[Source "ChessBase"]
[SourceDate "2014.10.17"]
[SourceVersion "1"]
[SourceVersionDate "2014.10.17"]
[SourceQuality "1"]

1. d4 Nf6 2. Nf3 e6 3. Bg5 h6 4. Bh4 c5 5. c3 Nc6 6. e3 d5 7. Nbd2 Bd6 8. Bd3 0-0 9. Bg3 Bxg3 10. hxg3 Qd6 11. dxc5 Qxc5 12. 0-0 e5 13. e4 Be6 14. Qe2 Rad8 15. exd5 Bxd5 16. Ne4 Nxe4 17. Bxe4 Bc4 18. Qc2 Bxf1 19. Rxf1 Qd6 20. Qb3 Rd7 21. Bf5 Re7 22. Rd1 Qf6 23. Qc2 g6 24. Be4 Rd8 25. Re1 Qd6 26. g4 Kg7 27. Qc1 Qe6 28. g5 hxg5 29. Qxg5 Qf6 30. Qc1 Qf4 31. Qc2 f5 32. Bxc6 bxc6 33. Qb3 Rde8 34. Re3 e4 35. Qc4 Qd6 36. Ng5 Rh8 37. Nh3 g5 38. Rg3 g4 39. Qe2 Kf8 40. Qa6 Qd7 41. Qa5 gxh3 42. Rg5 h2+ 0-1

[Event "TUR-ch op"]
[Site "Antalya"]
[Date "2008.02.10"]
[Round "11.25"]
[White "Alkan, Sukru"]
[Black "Aktas, Ilker"]
[Result "0-1"]
[WhiteElo "1831"]
[BlackElo "1990"]
[PlyCount "80"]
[EventDate "2008.02.04"]
[EventType "swiss"]
[EventRounds "11"]
[EventCountry "TUR"]
[SourceTitle "CBM 122 Extra"]
[Source "ChessBase"]
[SourceDate "2008.03.04"]
[SourceVersion "1"]
[SourceVersionDate "2008.03.04"]
[SourceQuality "1"]

1. d4 Nf6 2. Nf3 g6 3. Bg5 Bg7 4. e3 c5 5. c3 Ne4 6. Bf4 b6 7. Bd3 Bb7 8. 0-0 0-0 9. Qc2 Nf6 10. Nbd2 Nh5 11. Be5 Bh6 12. g4 d6 13. gxh5 dxe5 14. Be4 Bxe4 15. Qxe4 Nd7 16. dxe5 gxh5 17. Kh1 e6 18. Rad1 Qe7 19. Nc4 Kh8 20. Qb7 Rad8 21. Qxa7 f6 22. Nxb6 fxe5 23. Rxd7 Rxd7 24. Qxd7 Qf6 25. Qc6 Qf5 26. Nxe5 Qxe5 27. Nc4 Qf5 28. Nd6 Qc2 29. Qe4 Qe2 30. Qg2 Qd3 31. Qh3 Qxd6 32. Qxh5 Qd3 33. Qd1 Qe4+ 34. f3 Qxe3 35. Re1 Qf2 36. Qe2 Qh4 37. Qxe6 Bf4 38. Re2 Rd8 39. Qb3 Qh3 40. Rg2 Qxf3 0-1

[Event "TUR-ch op"]
[Site "Antalya"]
[Date "2008.02.08"]
[Round "9.46"]
[White "Alkan, Sukru"]
[Black "Demirci, Baris"]
[Result "1-0"]
[WhiteElo "1831"]
[BlackElo "1713"]
[PlyCount "53"]
[EventDate "2008.02.04"]
[EventType "swiss"]
[EventRounds "11"]
[EventCountry "TUR"]
[SourceTitle "CBM 122 Extra"]
[Source "ChessBase"]
[SourceDate "2008.03.04"]
[SourceVersion "1"]
[SourceVersionDate "2008.03.04"]
[SourceQuality "1"]

1. d4 Nf6 2. Nf3 d5 3. Bg5 Bf5 4. Bxf6 gxf6 5. e3 a6 6. Bd3 Bg6 7. 0-0 Rg8 8. Qe2 Qd7 9. Kh1 Qg4 10. Rg1 Be4 11. Nbd2 e6 12. c4 c5 13. cxd5 exd5 14. h3 Qf5 15. Bxe4 dxe4 16. Ne1 Nd7 17. Nc2 Bd6 18. Rac1 Ke7 19. dxc5 Nxc5 20. Nd4 Qe5 21. f4 exf3 22. N2xf3 Qh5 23. e4 Rac8 24. Nf5+ Kd7 25. Ne5+ Bxe5 26. Qxh5 Nxe4 27. Qxf7+ 1-0

[Event "TUR-ch op"]
[Site "Antalya"]
[Date "2008.02.05"]
[Round "4.54"]
[White "Vurganer, Atilla"]
[Black "Alkan, Sukru"]
[Result "0-1"]
[WhiteElo "1597"]
[BlackElo "1831"]
[PlyCount "66"]
[EventDate "2008.02.04"]
[EventType "swiss"]
[EventRounds "11"]
[EventCountry "TUR"]
[SourceTitle "CBM 122 Extra"]
[Source "ChessBase"]
[SourceDate "2008.03.04"]
[SourceVersion "1"]
[SourceVersionDate "2008.03.04"]
[SourceQuality "1"]

1. c4 e6 2. Nc3 Nf6 3. e4 d5 4. e5 Ng8 5. d4 Bb4 6. a3 Bxc3+ 7. bxc3 Ne7 8. Bd3 dxc4 9. Bxc4 c5 10. Nf3 cxd4 11. cxd4 0-0 12. 0-0 b6 13. Bd3 h6 14. Re1 Bb7 15. Be4 Bxe4 16. Rxe4 Qd5 17. Rg4 Kh8 18. Qd2 Ng8 19. Qf4 f5 20. Rg6 Nc6 21. Qh4 Qd7 22. Be3 Qf7 23. Rg5 Nce7 24. Bd2 Nd5 25. Rg3 f4 26. Rg4 Rac8 27. Ne1 Nge7 28. Rc1 Rxc1 29. Bxc1 Nf5 30. Qh3 Nxd4 31. Nd3 Ne2+ 32. Kf1 Nxc1 33. Nxc1 Qf5 0-1

[Event "TUR-ch op"]
[Site "Antalya"]
[Date "2008.02.04"]
[Round "2.53"]
[White "Varli, Mehmet Fatih"]
[Black "Alkan, Sukru"]
[Result "0-1"]
[WhiteElo "1564"]
[BlackElo "1831"]
[PlyCount "80"]
[EventDate "2008.02.04"]
[EventType "swiss"]
[EventRounds "11"]
[EventCountry "TUR"]
[SourceTitle "CBM 122 Extra"]
[Source "ChessBase"]
[SourceDate "2008.03.04"]
[SourceVersion "1"]
[SourceVersionDate "2008.03.04"]
[SourceQuality "1"]

1. e4 c5 2. Nc3 d6 3. g3 Nf6 4. h3 e6 5. Bg2 Be7 6. f4 a6 7. Nf3 Nc6 8. d3 Qc7 9. Ne2 0-0 10. g4 b5 11. Be3 Bb7 12. c3 Nd7 13. d4 Na5 14. Qd3 Nc4 15. Bc1 e5 16. fxe5 dxe5 17. d5 Qd8 18. Ng3 Bh4 19. Nxh4 Qxh4 20. 0-0 Nd6 21. b3 g6 22. Rf3 f6 23. a4 Kg7 24. Ba3 Rfc8 25. Raf1 Rf8 26. Qe3 Qh6 27. Qf2 Rac8 28. Bc1 g5 29. Nf5+ Nxf5 30. gxf5 Qh5 31. Qe3 h6 32. Rg3 Kh7 33. Qf3 Qxf3 34. Bxf3 bxa4 35. bxa4 Nb6 36. Bd1 Nc4 37. Rf2 a5 38. Rfg2 Rg8 39. Be2 Nd6 40. Rd3 Rgd8 0-1